Countries and World Capitals Starting with R - Statistics

General Stats
  • This quiz has been taken 157 times
  • The average score is 7 of 9
Answer Stats
country / capital % Correct
Rwanda
89%
Romania
81%
Russia
81%
Riga
73%
Rome
73%
Rabat
71%
Riyadh
70%
Reykjavik
62%
Roseau
57%
No matching quizzes found
Score Distribution
Percent of People with Each Score
Percentile by Number Answered
Your Score History
You have not taken this quiz